000 00443nam a2200157 4500
001 117697
003 ES-MaACL
005 20230906190944.0
007 t|
008 070214s1966 sp r ||||1| spa d
100 1 _aPerea Morales, Bernardo.
_990439
245 1 0 _aIgualdad para la cultura /
_cBernardo Perea Morales.
260 _aMadrid :
_bMundo del Trabajo,
_c1966.
300 _a174 p. ;
_c18 cm.
852 _aES-MaACL
_jC-30051
_bR.60385
999 _c117697
_d117697